[Event "Altensteig-A"]
[Site "Altensteig"]
[Date "1993.??.??"]
[Round "8"]
[White "Stangl, Markus"]
[Black "Almasi, Zoltan"]
[Result "0-1"]
[WhiteElo "2525"]
[BlackElo "2580"]
[Annotator "Hansen,Cu"]
[PlyCount "76"]
[EventDate "1993.07.07"]
[EventType "tourn"]
[EventRounds "11"]
[EventCountry "GER"]
[EventCategory "12"]
[SourceTitle "CBM 037"]
[Source "ChessBase"]
[SourceDate "1993.12.01"]
[SourceVersion "1"]
[SourceVersionDate "1993.12.01"]
[SourceQuality "1"]

1. c4 e5 2. Nc3 Nf6 3. g3 Bb4 4. Bg2 (4. Nf3 $5 {Ribli}) 4... O-O 5. e4 Bxc3 6.
bxc3 d6 (6... Re8 7. Ne2 c6 (7... b6 8. O-O Bb7 9. d3 d6 10. f4 Nbd7 11. h3 $14
{Raicevic,V-Szilagyi,Gy/ Sarajevo 1978}) 8. O-O (8. Qb3 b6 9. O-O Bb7 10. f4
exf4 11. d3 d5 12. Bxf4 Nbd7 $17 {Christiansen,L-Epishin,V/ New York Open 1990}
) 8... d5 9. exd5 cxd5 10. d4 exd4 11. Nxd4 dxc4 12. Nb5 $16 {Sorokin,
M-Gavrilov,A/ St Petersburg zt 1993}) (6... a6 7. a4 d6 8. d3 (8. Ne2 Qe8 9. a5
Be6 10. d3 Nfd7 11. h3 Nc6 12. g4 Qd8 13. Ng3 $13 {Bertok,M-Kortschnoj,V/
Rovinj Zagreb 1970}) 8... Nfd7 9. Ne2 Qe8 10. Qc2 a5 11. Be3 Na6 12. O-O Ndc5 {
Ibragimov,E-Dvoirys,S/Russia ch Gorky/1989/}) 7. Ne2 (7. d3 Re8 (7... Nbd7 8.
Ne2 Rb8 9. O-O a6 10. h3 b5 11. cxb5 axb5 12. g4 b4 $15 {Zaichik,G-Renet,O/
Belgrad GMA op 1988}) (7... c6 8. Nf3 Re8 9. O-O h6 10. Nh4 d5 11. cxd5 cxd5
12. exd5 Nxd5 $15 {Afifi,A-Rogers,I/ Dubai olm 1986}) (7... Nc6 8. h3 Kh8 9.
Ne2 Ng8 10. g4 Nge7 11. f4 exf4 12. Bxf4 Ng6 13. Be3 Qh4+ 14. Bf2 Qg5 $13 {
Ivanov,VL-Graf,A/ Uzbekistan 1992}) 8. Nf3 a6 9. a4 Nbd7 10. O-O Nc5 11. Nh4
Bd7 12. f4 h6 13. Nf3 $14 {Sokolov,I-Campora,D/ San Bernardino 1988}) 7... Be6
(7... a6 $5 8. O-O b5 9. d4 (9. cxb5 axb5 10. f4 Bb7 11. d3 Nbd7 12. h3 c5 $10
{Gurevich,M-Barlov,D/ Vrsac 1985}) 9... bxc4 10. f3 Nfd7 11. g4 $13 {Dorfman,
J-Stefansson,H/ Reykjavik 1993}) (7... Nbd7 8. O-O Rb8 9. f4 a6 10. a4 b5 11.
axb5 axb5 12. cxb5 Rxb5 13. d4 $13 {Miezis,N-Vatter,HJ/ Porz op 1992}) 8. d3
Na6 9. O-O (9. f4 $5 {Ribli}) 9... Qc8 10. f4 Bh3 11. Be3 (11. f5 $5 Bxg2 12.
Kxg2 $14 {/\Bg5}) (11. Bxh3 Qxh3 12. f5 $4 Ng4) 11... Bxg2 12. Kxg2 Ng4 13. Bg1
f5 14. h3 (14. exf5 {Ribli} Qxf5 15. h3 Nf6 16. g4 Qd7 17. f5 d5 $13) 14... Nh6
(14... Nf6 $2 15. fxe5 dxe5 16. Rxf5 $18) 15. fxe5 dxe5 16. c5 (16. Be3 fxe4
17. Rxf8+ (17. Bxh6 Rxf1 (17... gxh6 {Ribli} 18. dxe4 Rxf1 19. Qxf1 Qe6 $15)
18. Qxf1 exd3 $17) 17... Qxf8 18. Bxh6 exd3 19. Qxd3 gxh6 $13) 16... Kh8 $1 {
/\Ng8} (16... fxe4 17. Qb3+ Kh8 18. dxe4 $14) 17. Qb3 c6 18. Qc4 (18. Be3 Ng8 (
18... fxe4 19. dxe4 $14) 19. Rab1 (19. exf5 Rxf5 20. Rxf5 Qxf5 21. Qxb7 Rf8 22.
Ng1 Qxd3 $17) 19... fxe4 20. dxe4 Nf6 $132) 18... Nc7 (18... fxe4 19. Qxe4 $14)
19. Be3 Ng8 20. Rab1 (20. exf5 {Ribli} Rxf5 21. Rxf5 Qxf5 22. Rf1 Qg6 $13)
20... Rb8 {פe2} 21. Ng1 $6 (21. exf5 Nd5 22. Bd2 Rxf5 23. Qe4 $14) 21... fxe4
22. dxe4 (22. Qxe4 Rxf1 (22... Nd5 $13 23. Bd2 Qe6 24. Rxf8 Rxf8 25. Rxb7 Ngf6
{/\e5-e4}) 23. Rxf1 Qe6 $15 {/\Qxa2/Nf6}) 22... Nb5 {/\Na3} 23. Rxf8 Qxf8 24.
Rf1 Nf6 $15 {קa2,קc3,קc5,קe4 - קe5} 25. a4 Nc7 26. Rf5 Re8 27. Nf3 Qg8 28.
Nd2 (28. Qxg8+ {Ribli} Kxg8 29. Rxe5 Rxe5 30. Nxe5 Nxe4 31. Bd4 Ne6 32. Nd3 $15
) (28. Qb4 {Ribli} Qa2+ $15) 28... Qxc4 29. Nxc4 Nxe4 30. Nd6 Nd5 $1 (30...
Nxd6 $2 31. cxd6 Nd5 32. Bg5 h6 33. d7 Rg8 34. Rxe5 hxg5 35. Re8 $18) 31. Bc1
Nxd6 32. cxd6 h6 $17 33. Rf7 Rd8 34. Ba3 $2 (34. Rxb7 Rxd6 35. Rxa7 Nxc3 $17) (
34. c4 $5 {Ribli} Nb6 35. c5 Nxa4 36. Ba3 b6 37. Rxa7 Nxc5 38. Bxc5 bxc5 39. d7
Kg8 40. Rc7 Kf7 41. Rxc6 Rxd7 42. Rxc5 Ke6 $17) 34... Ne3+ 35. Kg1 Nc4 $19 36.
Bb4 a5 37. Bc5 b6 38. Bf2 Rxd6 0-1

[Event "CZE-ch"]
[Site "Zlin"]
[Date "1997.??.??"]
[Round "3"]
[White "Votava, Jan"]
[Black "Freisler, Pavel"]
[Result "1-0"]
[WhiteElo "2530"]
[BlackElo "2365"]
[Annotator "Hecht,H"]
[PlyCount "103"]
[EventDate "1997.06.12"]
[EventType "tourn"]
[EventRounds "11"]
[EventCountry "CZE"]
[EventCategory "10"]
[SourceTitle "CBM 061"]
[Source "ChessBase"]
[SourceDate "1997.11.23"]
[SourceVersion "1"]
[SourceVersionDate "1997.11.23"]
[SourceQuality "1"]

1. c4 Nf6 2. Nc3 d6 3. g3 e5 4. Bg2 Be7 5. e3 (5. e4 h5 6. Nge2 h4 7. d4 Nbd7
8. f4 c6 9. Be3 Nb6 10. Qb3 hxg3 11. hxg3 Rxh1+ 12. Bxh1 exf4 13. Nxf4 Bg4 14.
a4 Qc8 15. Rc1 Nh5 16. Kf2 Nxf4 17. Bxf4 Qe6 18. Ne2 g5 19. Be3 Qf6+ {Ribli,
Z-Casper,T/BL9394 1994/BL 90/1/2-1/2 (58)}) 5... c6 (5... O-O 6. Nge2 Nbd7 7.
O-O Nb6 8. d3 d5 9. cxd5 Nbxd5 10. a3 c6 11. Qc2 Bg4 12. h3 Be6 13. d4 Nxc3 14.
bxc3 Qa5 15. Rb1 exd4 16. cxd4 Qa6 17. Nf4 Bc4 18. Rd1 Rac8 19. e4 Rfd8 20. Bb2
{Sammalvuo,T-Jones,I/Erevan olm 1996/EXT 96ch2/1-0 (31)}) 6. d4 (6. Nge2 Be6 7.
d3 Qd7 8. O-O Bh3 9. f4 h5 10. e4 h4 11. f5 hxg3 12. hxg3 Na6 13. Bxh3 Rxh3 14.
Kg2 Rh8 15. Rh1 O-O-O 16. Be3 Ng4 17. Bxa7 g6 18. Na4 Qe8 19. Qd2 gxf5 20. exf5
Qg8 {Maksimovic,S-Gaprindashvili,N/Jajce-W 1984/MCD-r8/0-1 (56)}) 6... exd4 7.
exd4 d5 8. cxd5 Nxd5 9. Nxd5 cxd5 10. Ne2 Nc6 11. Nf4 Bb4+ 12. Bd2 Bxd2+ 13.
Qxd2 O-O 14. O-O Be6 15. Rfe1 Qf6 16. Rad1 Rad8 17. b4 a6 18. a4 b6 19. Qc3 Rd6
20. Re5 Qd8 21. Re3 a5 22. b5 Nb4 23. Nd3 Nxd3 24. Rexd3 Qd7 25. Rc1 Rc8 26.
Qa3 Rc4 27. Rdc3 Rxc3 28. Rxc3 g6 29. h4 h5 30. Kh2 Kg7 31. Qc1 Qe7 32. Qf4 Qd7
33. Qe5+ Kh7 34. Qg5 Bf5 35. Qc1 Be4 36. Rc6 Bxg2 37. Kxg2 Kg7 38. Rxd6 Qxd6
39. Qc6 Qe6 {A mistaken transition into a pawn ending. The only chance was:
Fehlerhafter Übergang ins Bauernendspiel. Die einzige Chance war:} (39... Qd8
40. Kf3 f6 $13 (40... Qf6+ $2 41. Qxf6+ Kxf6 42. Kf4 Ke6 43. Kg5 Ke7 44. f3 Ke6
45. g4 hxg4 46. fxg4 Ke7 47. h5 gxh5 48. gxh5 Kf8 49. Kf6 $18)) 40. Qxe6 $1
fxe6 41. Kf3 {[%csl Re5,Rg5] White's space advantage, active White king,
dark-square and pawn weaknesses, White's reserve tempi on the king's wing
thanks to the f-pawn. All this adds up to a win through zugzwang and distant
passed pawn, respectively. weißer Raumvorteil, aktiver weißer König, schwarze
Felder- und Bauernschwächen, weiße Reservetempi am Königsflügel dank des
f-Bauern. Gewinn durch Zugzwang bzw. entferntem Freibauern.} Kf7 42. Kf4 Kf6
43. f3 {1. Reserve tempo! 1. Reservetempo!} e5+ (43... Kf7 44. Ke5 (44. Kg5 $18
{is just as good ist gleichwertig}) 44... Ke7 45. g4 hxg4 (45... Kf7 46. g5 Ke7
47. f4 $18 {2.Reserve tempo and zugzwang! 2. Reservetempo und Zugzwang!}) 46.
fxg4 Kf7 47. h5 gxh5 48. gxh5 Ke7 49. h6 Kf7 50. h7 $18 {outside passed pawn!
entfernter Freibauer!}) 44. dxe5+ Ke6 45. g4 d4 46. gxh5 gxh5 47. Ke4 d3 48.
Kxd3 Kxe5 49. Ke3 Kf5 50. f4 $1 (50. Kd4 $5 Kf4 51. Kd5 Kg3 52. Kc6 Kxh4 53.
Kxb6 Kg5 54. Kxa5 h4 55. b6 h3 56. b7 h2 57. b8=Q h1=Q 58. Qe5+ $18) 50... Kg4
51. Ke4 Kxh4 52. Kf3 $1 (52. f5 Kg5 53. Ke5 h4 54. f6 h3 (54... Kg6 55. Ke6)
55. f7 h2 56. f8=Q h1=Q 57. Qg7+ Kh4 58. Qh6+ $18) 1-0

[Event "EST-ch int"]
[Site "Puhajarve"]
[Date "2001.08.12"]
[Round "5"]
[White "Sepp, Olav"]
[Black "Lauk, Ular"]
[Result "1-0"]
[WhiteElo "2442"]
[BlackElo "2346"]
[Annotator "Hecht,H"]
[PlyCount "151"]
[EventDate "2001.08.08"]
[EventType "tourn"]
[EventRounds "11"]
[EventCountry "EST"]
[EventCategory "9"]
[SourceTitle "CBM 085"]
[Source "ChessBase"]
[SourceDate "2001.11.13"]
[SourceVersion "1"]
[SourceVersionDate "2001.11.13"]
[SourceQuality "1"]

1. Nf3 Nf6 2. g3 d6 3. Bg2 e5 4. O-O Be7 5. c4 c6 6. Nc3 Bg4 7. h3 Bh5 8. d3
O-O 9. b4 Nbd7 10. b5 Qc7 11. Rb1 Rfe8 12. g4 Bg6 13. Nh4 Nc5 14. Nxg6 hxg6 15.
Ba3 Nfd7 16. e3 Bf6 17. Ne4 Nxe4 18. Bxe4 Be7 19. bxc6 bxc6 20. Qa4 Rac8 21.
Rfc1 Nb6 22. Qa6 Qd7 23. Bf3 d5 24. Bxe7 Qxe7 25. cxd5 cxd5 26. Rxc8 Rxc8 27.
Bxd5 Rc3 28. Bb3 Kh7 29. Rd1 f5 30. Qa5 Rc7 31. d4 exd4 32. exd4 Qh4 33. Kg2
fxg4 34. Rd3 g3 35. Rxg3 Qxd4 36. Qg5 Qe4+ 37. Kh2 Qf5 38. Qh4+ Qh5 39. Qd8 Rc8
40. Qe7 Qc5 41. Qf7 Qf5 42. Rg4 Kh6 43. Rh4+ Kg5 44. Qe7+ Qf6 45. Rg4+ Kh6 46.
Rh4+ Kg5 47. Rg4+ Kh6 48. Qe3+ Kh7 49. Qg3 Rc5 50. Rf4 Rf5 51. Qh4+ Qxh4 52.
Rxh4+ Rh5 53. Rd4 Kh6 54. Kg3 Rg5+ 55. Kf3 Rf5+ 56. Ke3 Rf6 57. Re4 Rd6 58. Re5
g5 59. Re6+ Rxe6+ 60. Bxe6 {[#] Starker Läufer bei leergefegtem Zentrum und
Bauern auf beiden Flügeln} Kg6 61. Kd4 Kf6 62. Bg4 Ke7 63. Kc5 Na4+ 64. Kc6 Nc3
65. a3 a5 66. Kb6 a4 67. Ka5 Kd6 68. Kb4 Ne4 69. f3 Nc5 70. Bf5 Kd5 71. Bc2 Kd4
72. Bxa4 Nd3+ 73. Kb5 Kc3 74. Bd1 Nb2 (74... Nf2 75. a4 Nxd1 76. a5 Ne3 77. a6
Nd5 78. a7 $18) 75. Be2 Kb3 76. a4 1-0

[Event "Villa Martelli Masters KO"]
[Site "Villa Martelli"]
[Date "2002.04.18"]
[Round "3.2"]
[White "Ricardi, Pablo"]
[Black "Ginzburg, Maximiliano"]
[Result "1-0"]
[WhiteElo "2544"]
[BlackElo "2445"]
[Annotator "Hecht,H"]
[PlyCount "153"]
[EventDate "2002.04.12"]
[EventType "k.o."]
[EventRounds "3"]
[EventCountry "ARG"]
[SourceTitle "CBM 089"]
[Source "ChessBase"]
[SourceDate "2002.08.12"]
[SourceVersion "1"]
[SourceVersionDate "2002.08.12"]
[SourceQuality "1"]

1. c4 e5 2. Nc3 Nf6 3. g3 Bb4 4. Bg2 O-O 5. Qb3 Bxc3 6. Qxc3 Re8 7. d3 c6 8.
Nf3 d5 9. cxd5 cxd5 10. Nxe5 d4 11. Qc5 Na6 12. Qb5 Nc7 13. Qa5 b6 14. Nc6 bxa5
15. Nxd8 Rxd8 16. Bxa8 Nxa8 17. Bg5 Rd5 18. Bxf6 gxf6 19. Kd2 Be6 20. Rhc1 Rb5
21. b3 Nb6 22. Rc7 a4 23. Rxa7 axb3 24. Rb1 Kg7 25. axb3 f5 26. Rb2 Kf6 27. b4
Nd5 28. Ra4 Bd7 29. Kc1 Nc3 30. Ra6+ Ke7 31. Ra5 Rb6 32. Kd2 Rh6 33. b5 Rb6 34.
Ra6 Rb7 35. Rh6 Nxb5 36. Rxh7 Ra7 37. Rh8 Ra1 38. e3 Rf1 39. Ke2 Ra1 40. exd4
f4 41. Kf3 fxg3 42. fxg3 Nxd4+ 43. Ke3 Nf5+ 44. Kf2 Rd1 45. g4 Nd6 46. Re2+ Be6
47. Re3 Ne8 48. h3 Nf6 49. Rb8 Nd5 50. Rf3 Kd6 51. Kg3 Ke5 52. Ra8 Rg1+ 53. Kf2
Rb1 54. Ra4 Rd1 55. Re4+ Kd6 56. Re1 Rd2+ 57. Kg3 Nb4 58. Re4 Nc6 59. Ra4 Bd5
60. Re3 Ne5 61. Ra6+ Nc6 62. Kf4 Kc5 63. Ra4 Nd4 64. Kg5 Rf2 65. h4 Ne6+ 66.
Kh5 Nf4+ 67. Kh6 Ng2 68. Re5 Kd6 69. Rf5 Rxf5 70. gxf5 Ke5 71. Kg5 f6+ 72. Kg6
Nf4+ {Der einzig mögliche Endspielübergang, um zum Gewinn zu kommen, ist die
Hergabe der Qualität. Die drei weißen vereinzelten Bauern erweisen sich als
stärker, weil nur umständlich angreifbar.} 73. Rxf4 Kxf4 74. h5 {[%csl Ge4,Ge6]
[%cal Gd3e4,Gf5e6]} Bf3 (74... Bg8 75. h6 Ke5 76. Kg7 $18) 75. h6 Bg4 76. Kxf6
Bxf5 77. d4 (77. d4 Ke4 78. d5 {und der König klebt am Läufer}) 1-0